00958nam a2200229 a 450000100060000000300090000600800410001501500210005602000340007704000280011104300180013908200180015710000470017524502140022225000120043626000430044830000310049149000700052265000310059265100630062370000420068624213CO-ViMGA141112s2004 ck r 000 u spa d ack - 2010 - xxxx a9789584465243 (obra completa) aCO-ViMGAbspacCO-ViMGA as - ck - - - 04a986.103 S168b1 aSantander, Francisco de Paula, 1792 - 184010aLa batalla de Boyacá / cFrancisco de Paula Santander, Cayo Leonidas Peñuela ; concepción y dirección editorial, Carlos Nicolás Hernández Camacho ; reproducción fotográfica, Juan Carlos Barbero a1a. ed. aBogotá : bC. N. Hernández, c2010 a96 p. : il., fot. ; 31 cm. aBiblioteca colombiana ilustrada. Bicentenario de la independencia14aBoyacá, Batalla de, 1819 aColombia - Historia - Guerra de independencia, 1810 - 18191 aPeñuela, Cayo Leonidas, 1864 - 1946